| 000 | 00000nas##2200000za#4500 |
|---|---|
| 001 | 9.512989 |
| 003 | CaOODSP |
| 005 | 20250129103523 |
| 007 | ta |
| 008 | 150406c1994||||xxc|| m #||||f| |0fre|d |
| 040 | |aCaOODSP|bfre |
| 043 | |an-cn--- |
| 086 | 1 |aEn57-27F |
| 110 | 2 |aService météorologique du Canada. |
| 245 | 10|aSommaire du changement climatique |
| 260 | |aDownsview - Ontario : |bEnvironnement Canada. |
| 563 | |aCouverture souple |
| 775 | 08|tClimate change digest |w(CaOODSP)9.514596 |